LEADER 04787nam 2200613 a 450 001 9910455965003321 005 20200520144314.0 010 $a1-280-20394-3 010 $a9786610203949 010 $a0-309-57275-4 010 $a0-585-02881-8 035 $a(CKB)111000211177042 035 $a(EBL)3376489 035 $a(SSID)ssj0000272226 035 $a(PQKBManifestationID)11207177 035 $a(PQKBTitleCode)TC0000272226 035 $a(PQKBWorkID)10304375 035 $a(PQKB)11766756 035 $a(MiAaPQ)EBC3376489 035 $a(Au-PeEL)EBL3376489 035 $a(CaPaEBR)ebr10056762 035 $a(OCoLC)923264187 035 $a(EXLCZ)99111000211177042 100 $a19930311d1993 uy 0 101 0 $aeng 135 $aur|n|---||||| 181 $ctxt 182 $cc 183 $acr 200 00$aWind and the built environment$b[electronic resource] $eU.S. needs in wind engineering and hazard mitigation 210 $aWashington, D.C. $cNational Academy Press$d1993 215 $a1 online resource (144 p.) 300 $a"Panel on the Assessment of Wind Engineering Issues in the United States, Committee on Natural Disasters, Commission on Engineering and Technical Systems, National Research Council." 311 $a0-309-04449-9 320 $aIncludes bibliographical references (p. 114-128). 327 $a""WIND AND THE BUILT ENVIRONMENT""; ""Copyright""; ""Acknowledgments""; ""Preface""; ""Contents""; ""Acronym List""; ""Executive Summary""; ""RECOMMENDATION""; ""INTRODUCTION""; ""WIND LOSSES: A PERSPECTIVE""; ""LOOKING AHEAD""; ""CREATING A NATIONAL WIND SCIENCE AND ENGINEERING PROGRAM""; ""1 Wind Hazards and Related Issues""; ""THE POWER OF WIND""; ""WIND ENGINEERING""; ""THE CRITICAL ROLE OF STRUCTURES""; ""WIND-INDUCED LOSSES: VICTIMS AND COSTS""; ""WHAT DOES THE FUTURE HOLD?""; ""THE CRITICAL ROLE OF DESIGN STANDARDS, CODES, CODE ENFORCEMENT, AND PLANNING REGULATIONS"" 327 $a""STRATEGIES AND INCENTIVES""""2 The Nature of Wind""; ""A WIND PRIMER""; ""The Near-Surface Wind""; ""The Wind Climatology of the United States""; ""Thunderstorms""; ""Outflows""; ""Downbursts and Microbursts""; ""Tornadoes""; ""Extratropical Cyclones""; ""Tropical Cyclones""; ""IMPROVING THE WIND CLIMATOLOGY OF THE UNITED STATES""; ""EXPANDING THE WIND-ENGINEERING DATA BASE""; ""RECOMMENDATIONS""; ""Measurements of Extreme Wind Speeds""; ""Extreme Wind Climatology""; ""3 Wind-Engineering Research Needs""; ""INTRODUCTION""; ""RESEARCH METHODOLOGY""; ""Physical Modeling"" 327 $a""Numerical Modeling""""Field Measurements""; ""Innovative Experimental Approaches""; ""Structural Safety and Reliability""; ""Damage Investigations""; ""SEVERE WIND FORCES""; ""Low Buildings""; ""Flexible Structures""; ""Damping and Structure Control""; ""Bridges""; ""Motion Perception""; ""Offshore Winds and Their Effects""; ""Fatigue Problems""; ""CODES AND STANDARDS""; ""RETROFIT REROOFING""; ""ADDITIONAL RESEARCH TOPICS""; ""Wind Flow in the Urban Environment""; ""Pollutant Dispersion""; ""Ventilation""; ""Wind Energy""; ""Soil Erosion""; ""Modeling of Iceberg Movement and Oil Spills"" 327 $a""RECOMMENDATIONS""""4 Mitigation, Preparedness, Response, and Recovery""; ""MITIGATION MEASURES""; ""Codes and Code Enforcement""; ""Land Use Management""; ""EMERGENCY PLANNING AND RESPONSE FOR DISASTERS""; ""Structure of U.S. Emergency Planning and Disaster Management""; ""The Extensiveness of Local Community Emergency Preparedness""; ""Significant Improvement""; ""Some Continuing Weaknesses in Community Preparedness Planning""; ""Specific Emergency Preparedness and Response Planning for Wind Hazards""; ""Pre-Impact Activities""; ""Postimpact Response Activities"" 327 $a""PLANNING FOR RECOVERY AND FUTURE MITIGATION""""RECOMMENDATIONS""; ""General Issues Regarding Future Research""; ""Specific Research Needs""; ""5 Education and Technology Transfer""; ""EDUCATION AND TRAINING""; ""TECHNOLOGY TRANSFER""; ""POTENTIAL IMPACT OF COMPUTERS""; ""Knowledge-Based Expert Systems""; ""Extreme Winds: Analysis and Prediction""; ""Wind-Loading Assistant""; ""Risk and Damage Assessment""; ""Design""; ""Monitoring and Control""; ""Urban Planning""; ""Decision Making for Hurricane Response""; ""RECOMMENDATIONS""; ""6 Cooperative Efforts""; ""INTRODUCTION"" 327 $a""INDUSTRY-ACADEMIA COOPERATION"" 606 $aWind resistant design$zUnited States 606 $aWind-pressure 608 $aElectronic books. 615 0$aWind resistant design 615 0$aWind-pressure. 676 $a624.1/76 801 0$bMiAaPQ 801 1$bMiAaPQ 801 2$bMiAaPQ 906 $aBOOK 912 $a9910455965003321 996 $aWind and the built environment$92087798 997 $aUNINA LEADER 01194nam0 22002891i 450 001 UON00219574 005 20231205103408.786 010 $a88-07-80721-1 100 $a20030730d1989 |0itac50 ba 101 $aita 102 $aIT 105 $a|||| ||||| 200 1 $aRulli di tamburo per Rancas$eciò che accadde dieci anni prima che il colonnello Marruecos fondasse il secondo cimitero di Chinche$eprima ballata$fManuel Scorza 205 $a12ª edizione 210 $aMilano$cFeltrinelli$d1989 215 $a239 p.$d18 cm. Tit. dell'opera originale 410 1$1001UON00065816$12001 $aUniversale Economica Feltrinelli$v721 620 $aIT$dMilano$3UONL000005 676 $aPe863$cLetteratura peruviana. Narrativa$v21 700 1$aSCORZA$bManuel$3UONV133113$0289647 712 $aFeltrinelli$3UONV246160$4650 801 $aIT$bSOL$c20240220$gRICA 899 $aSIBA - SISTEMA BIBLIOTECARIO DI ATENEO$2UONSI 912 $aUON00219574 950 $aSIBA - SISTEMA BIBLIOTECARIO DI ATENEO$dSI Isp.A Pe 860 a 065 $eSI DA 42070 7 065 $sBuono 996 $aRulli di tamburo per Rancas$9942881 997 $aUNIOR LEADER 01493nam0 22003491i 450 001 UON00459013 005 20231205105116.477 010 $a04-600-3036-1 100 $a20151001d1988 |0itac50 ba 101 $aeng 102 $aGB 105 $a||||e ||||| 200 1 $aEveryman's English pronouncing dictionary$econtaining over 59.000 words in international phonetic transcription$fby Daniel Jones 205 $a14th ed.$brevised$fedited by A.C. Gimson 210 $aLondon$cDent & Sons$d1988 215 $axxxii, 576 p.$d21 cm. 316 $aValore Stimato$5IT-UONSI S.CV DIZ/28 bis 410 1$1001UON00177194$12001 $aEveryman's Reference Library$1210 $aLondon$cJ.M. Dent & Sons ; New York$cE.P. Dutton 606 $aDIZIONARI INGLESI$3UONC037401$2FI 606 $aLingua inglese$xFonetica$xDizionari$3UONC052530$2FI 620 $aUS$dNew York$3UONL000050 620 $aGB$dLondon$3UONL003044 676 $a423$cDizionari dell'inglese standard$v21 700 1$aJONES$bDaniel$3UONV052289$0163768 702 1$aGIMSON$bA. C.$3UONV121625 712 $aDent & Sons$3UONV258498$4650 801 $aIT$bSOL$c20250808$gRICA 899 $aSIBA - SISTEMA BIBLIOTECARIO DI ATENEO$2UONSI 912 $aUON00459013 950 $aSIBA - SISTEMA BIBLIOTECARIO DI ATENEO$dSI S.C V DIZ 28 bis $eSI LO 42349 7 28 bis Valore Stimato 996 $aEveryman's English pronouncing dictionary$9133096 997 $aUNIOR